ბათუმის შოთა რუსთაველის სახელმწიფო უნივერსიტეტის ბიბლიოთეკა

Трансцендентные и алгебраические числа (ბიბ.ჩანაწერი № 39157)

000 -LEADER
fixed length control field 00614nam a2200205Ia 4500
001 - CONTROL NUMBER
control field 5740
003 - CONTROL NUMBER IDENTIFIER
control field GE_BSU
008 - FIXED-LENGTH DATA ELEMENTS--GENERAL INFORMATION
fixed length control field 181216s||||||||xx |||||||||||||| ||und||
040 ## - CATALOGING SOURCE
Transcribing agency GE_BSU
080 ## - UNIVERSAL DECIMAL CLASSIFICATION NUMBER
Universal Decimal Classification number 511.4+512.2
100 ## - MAIN ENTRY--PERSONAL NAME
Personal name Гельфонд, А.О
245 ## - TITLE STATEMENT
Title Трансцендентные и алгебраические числа
245 ## - TITLE STATEMENT
Statement of responsibility, etc. Ред. О.С. Ивашев-Мусатов
260 ## - PUBLICATION, DISTRIBUTION, ETC.
Place of publication, distribution, etc. Москва
260 ## - PUBLICATION, DISTRIBUTION, ETC.
Name of publisher, distributor, etc. Гостехиздат
260 ## - PUBLICATION, DISTRIBUTION, ETC.
Date of publication, distribution, etc. 1952
300 ## - PHYSICAL DESCRIPTION
Extent 223 с.20 см.
653 ## - INDEX TERM--UNCONTROLLED
Uncontrolled term Трансцендентные и алгебраические числа
942 ## - ADDED ENTRY ELEMENTS (KOHA)
Koha item type წიგნი
ეგზემპლარები
Withdrawn status Lost status Damaged status Not for loan Date acquired Barcode Date last seen Price effective from Koha item type
        2018-12-17 16624 2018-12-17 2018-12-17 წიგნი